El Medi rural i les activitats agràries al Montseny / Francisco Cano Ibáñez, Montserrat Cuenca i Moros, David Saurí i Pujol
Descripción Física:
30 p. : il. ; 30 cm
MARC
| LEADER | 00000nam a2200000Ia 4500 | ||
|---|---|---|---|
| 001 | 1888 | ||
| 008 | 160829s1984 xx 000 0 cat d | ||
| 080 | |a FU-18-14 | ||
| 100 | |a Cano Ibáñez, Francisco |9 498 | ||
| 245 | |a El Medi rural i les activitats agràries al Montseny / Francisco Cano Ibáñez, Montserrat Cuenca i Moros, David Saurí i Pujol | ||
| 260 | |a Barcelona : |b Diputació de Barcelona. Servei de Parcs Naturals, |c 1984 | ||
| 300 | |a 30 p. : |b il. ; |c 30 cm | ||
| 650 | |a Montseny |x Agricultura |9 36033 | ||
| 650 | |a Montseny |x Aspectes ambientals |9 36034 | ||
| 700 | |a Cuenca i Moros, Montserrat |9 36035 | ||
| 700 | |a Saurí i Pujol, David |9 17072 | ||
| 710 | |a Barcelona (Catalunya : Província). |b Servei de Parcs Naturals |9 53492 | ||
| 901 | |a Arxiu | ||
| 942 | |n 1 | ||
| 952 | |0 0 |1 0 |4 0 |6 FU1814 |7 1 |9 47157 |a Arxiu |b Arxiu |d 2016-12-01 |l 0 |o FU-18-14 |p 1888 |r 2016-12-01 00:00:00 |w 2016-12-01 |y ARXIU | ||
| 999 | |c 50954 |d 50954 | ||